Seminar on complex multiplication : (Record no. 52199)
[ view plain ]
| 000 -LEADER | |
|---|---|
| fixed length control field | 00984nam a2200289 a 4500 |
| 001 - CONTROL NUMBER | |
| control field | 52199 |
| 003 - CONTROL NUMBER IDENTIFIER | |
| rucl marc code | BD-RjUL |
| 005 - DATE AND TIME OF LATEST TRANSACTION | |
| control field | 20211209075751.0 |
| 008 - FIXED-LENGTH DATA ELEMENTS--GENERAL INFORMATION | |
| fixed length control field | 160906s1966 nyu 000 0 eng d |
| 020 ## - INTERNATIONAL STANDARD BOOK NUMBER | |
| International Standard Book Number | 3540036040 (Berlin) |
| International Standard Book Number | 0387036040 (New York) |
| 035 ## - SYSTEM CONTROL NUMBER | |
| System control number | (BD-RjUL)52319 |
| 040 ## - CATALOGING SOURCE | |
| Original cataloging agency | BD-RjUL |
| Language of cataloging | eng |
| Transcribing agency | BD-RjUL |
| Modifying agency | BD-RjUL |
| 041 ## - LANGUAGE CODE | |
| Language code of text/sound track or separate title | eng |
| 082 ## - DEWEY DECIMAL CLASSIFICATION NUMBER | |
| Edition number | 23 |
| Classification number | 510 |
| Author mark and year | SEM 1966 |
| 245 00 - TITLE STATEMENT | |
| Title | Seminar on complex multiplication : |
| Remainder of title | seminar held at the Institute for Advanced Study, Princeton, N.J., 1957-58 / |
| Statement of responsibility, etc. | A. Borel ... [et al.] |
| 260 ## - PUBLICATION, DISTRIBUTION, ETC. (IMPRINT) | |
| Place of publication, distribution, etc. | Berlin : |
| Name of publisher, distributor, etc. | Springer-Verlag, |
| Date of publication, distribution, etc. | 1966. |
| 300 ## - PHYSICAL DESCRIPTION | |
| Pagination | various pagings ; |
| Size | 28 cm. |
| 490 1# - SERIES STATEMENT | |
| Series statement | Lecture notes in mathematics ; |
| Volume/sequential designation | 21 |
| 650 #0 - SUBJECT ADDED ENTRY--TOPICAL TERM | |
| Topical term or geographic name as entry element | Multiplication, Complex. |
| 9 (RLIN) | 156133 |
| Topical term or geographic name as entry element | Numbers, Complex. |
| 9 (RLIN) | 155192 |
| Topical term or geographic name as entry element | Number theory. |
| 9 (RLIN) | 156134 |
| Topical term or geographic name as entry element | Mathematics |
| 9 (RLIN) | 156135 |
| 700 1# - ADDED ENTRY--PERSONAL NAME | |
| Personal name | Borel, Armand. |
| 830 #0 - SERIES ADDED ENTRY--UNIFORM TITLE | |
| Uniform title | Lecture notes in mathematics (Springer-Verlag) ; |
| Volume number/sequential designation | 21. |
| 942 ## - ADDED ENTRY ELEMENTS (KOHA) | |
| Source of classification or shelving scheme | Dewey Decimal Classification |
| Koha item type | Books |
| Lost status | Source of classification or shelving scheme | Damaged status | Not for loan | Collection code | Permanent Location | Current Location | Shelving location | Date acquired | Source of acquisition | Total Checkouts | Full call number | Date last seen | Copy number | Koha item type |
|---|---|---|---|---|---|---|---|---|---|---|---|---|---|---|
| Dewey Decimal Classification | Non-fiction | Central Library, University of Rajshahi | Central Library, University of Rajshahi | 06/09/2016 | Swits & Zillinger | 512.7 SEM 1966 | 06/09/2016 | C-2 | Books | |||||
| Dewey Decimal Classification | Non-fiction | Central Library, University of Rajshahi | Central Library, University of Rajshahi | 06/09/2016 | Swits & Zillinger | 512.7 SEM 1966 | 06/09/2016 | C-3 | Books |